| 000 | 00953 a2200157 4500 | ||
|---|---|---|---|
| 003 | NUST | ||
| 005 | 20221214160556.0 | ||
| 040 | _cNust | ||
| 082 | _a310,JAI | ||
| 100 |
_aJAI _9104869 |
||
| 245 |
_aCourse Pack CPS 802 / _cJAI |
||
| 260 |
_aPakistan _bUniversity Press _c1983 |
||
| 300 | _a276p; | ||
| 505 | _aIntroduction (Page-7), Statistical Decision Theory (Page-39), Decision Making With Gaussian Models (Page-63), Contextual Classification (Page-77), Sequential Classification (Page-103), Hierarchical Classifier (Page-113), Parameter Estimation and Supervised Learning (Page-135), Nonparametric Density Estimate (Page-151), Near Neighbor Classification (Page-175), Error Estimation (Page-195), Cures of Dimensionality (Page-211), Feature Selection and Extraction (Page-237), Discriminate Functions (Page-255), Unsupervised Learning (Page-277), Cluster Analysis (Page-289), Syntactic Pattern Recognition (Page-319). | ||
| 942 |
_2ddc _cBK _k310,JAI |
||
| 999 |
_c193892 _d193892 |
||